• 首页
  • 本馆介绍
  • 公告通知
  • 最新文献
  • 馆藏检索
  • 电子资源
  • 读者导购
  • 参考咨询
  • 我的图书馆
  • 登录
  • 详细信息显示
  • 放入我的书架
  • 预约/预借图书
  • 作者相关作品
  • 分类相关作品
  • 丛书相关作品
  • 出版社相关作品

书目信息

  • 表格格式
  • 工作单格式
  • 卡片格式
题名:
化工传质与分离过程
    
 
作者: 贾绍义 , 柴诚敬 主编
分册:  
出版信息: 北京   化学工业出版社  2017重印
页数: 350页
开本: 26cm
丛书名: 普通高等教育“十一五”国家级规划教材
单 册:
中图分类: TQ021.4-43 , TQ028-43
科图分类:
主题词: 传质--chuan zhi--化工过程--高等教育--教材 , 分离--fen li--化工过程--高等教育--教材
电子资源:
ISBN: 978-7-5025-9874-7
000 01098cam 2200313 45
001 012001000925
005 20191108095831.79
010    @a978-7-5025-9874-7@dCNY36.00
099    @aCAL 012007122876
100    @a20070919d2007 ekmy0chiy0121 ea
101 0  @achi
102    @aCN@b110000
105    @aak a 000yy
106    @ar
200 1  @a化工传质与分离过程@Ahua gong chuan zhi yu fen li guo cheng@f贾绍义, 柴诚敬主编
205    @a第2版
210    @a北京@c化学工业出版社@d2017重印
215    @a350页@c图@d26cm
225 2  @a普通高等教育“十一五”国家级规划教材@Apu tong gao deng jiao yu “ shi yi wu ” guo jia ji gui hua jiao cai@i面向21世纪课程教材
320    @a有书目
410  0 @12001@@a普通高等教育“十一五”国家级规划教材@i面向21世纪课程教材
606 0  @a传质@Achuan zhi@x化工过程@x高等教育@j教材
606 0  @a分离@Afen li@x化工过程@x高等教育@j教材
690    @aTQ021.4-43@v4
690    @aTQ028-43@v4
701  0 @a贾绍义@Ajia shao yi@4主编
701  0 @a柴诚敬@Achai cheng jing@4主编
801  0 @aCN@b北京卓展文化@c20191020
905    @b1201162-5@dTQ021.4-43@e517=2@f4
    
    化工传质与分离过程/贾绍义, 柴诚敬主编.-第2版.-北京:化学工业出版社,2017重印
    350页:图;26cm.-(普通高等教育“十一五”国家级规划教材.面向21世纪课程教材)
    
    
    ISBN 978-7-5025-9874-7:CNY36.00
    
●
相关链接 在E读中查询图书 在五车中查询图书 在当当中查询图书 在豆瓣中查询图书


正题名:化工传质与分离过程     索取号:TQ021.4-43/517=2         预约/预借

序号 登录号 条形码 馆藏地/架位号 状态 备注
1 1201162   212011623   第二样本阅览室/ [索取号:TQ021.4-43/517=2] 在馆    
2 1201163   212011632   第三借阅区/ [索取号:TQ021.4-43/517=2] 在馆    
3 1201164   212011641   第三借阅区/ [索取号:TQ021.4-43/517=2] 在馆    
4 1201165   212011650   第三借阅区/ [索取号:TQ021.4-43/517=2] 在馆    
唐山师范学院图书馆 欢迎您!
大连网信软件有限公司© 版权所有